Diez años de destierro /
Guardado en:
| Autor Principal: | |
|---|---|
| Formato: | Libro |
| Idioma: | Spanish |
| Publicado: |
Madrid :
Calpe,
1947.
|
| Materias: | |
| Etiquetas: |
Agregar Etiqueta
Sin Etiquetas, Sea el primero en etiquetar este registro!
|
| LEADER | 00514nam a22001695a 4500 | ||
|---|---|---|---|
| 001 | EUN.um053521 | ||
| 003 | AR-BaUNS | ||
| 005 | 20050623122919.0 | ||
| 008 | 041125s1947####sp############000#0#spa#d | ||
| 245 | 1 | 0 | |a Diez años de destierro / |c Madame de Stäel. |
| 260 | |a Madrid : |b Calpe, |c 1947. | ||
| 300 | |a 282 p. | ||
| 100 | 1 | |a Stäel, Madame de. | |
| 082 | 0 | 4 | |a 928 |
| 653 | |a StÄel, Madame De | ||
| 859 | |a Ar-BaUNS |b BIB. CENTRAL - Sector C |h 928 |i St13 |p 787/960 | ||
| 859 | |a Ar-BaUNS |b BIB. CENTRAL - Sector C |h 928 |i St13 |p 1269/964 |t Ej.2 | ||
